Catálogo - Centro de Recursos para el Aprendizaje y la Investigación
Volver al Sitio - CRAI Biblioteca| 000 -CABECERA | |
|---|---|
| campo de control de longitud fija | 01471nam a2200289 4500 |
| 001 - NÚMERO DE CONTROL | |
| campo de control | 113590 |
| 003 - IDENTIFICADOR DEL NÚMERO DE CONTROL | |
| campo de control | DR-UNIBE |
| 005 - FECHA Y HORA DE LA ÚLTIMA TRANSACCIÓN | |
| campo de control | 20250509143051.0 |
| 008 - DATOS DE LONGITUD FIJA--INFORMACIÓN GENERAL | |
| campo de control de longitud fija | 250509b1998 ve ||||| |||| 00| 0 spa d |
| 022 ## - NÚMERO INTERNACIONAL NORMALIZADO PARA PUBLICACIONES SERIADAS | |
| Número Internacional Normalizado para Publicaciones Seriadas | 13168843 |
| 040 ## - FUENTE DE LA CATALOGACIÓN | |
| Centro catalogador/agencia de origen | BIBLIOTECA UNIBE |
| Lengua de catalogación | spa |
| Centro/agencia transcriptor | BIBLIOTECA UNIBE |
| Normas de descripción | rda |
| 041 ## - CÓDIGO DE LENGUA | |
| Código de lengua del texto/banda sonora o título independiente | spa |
| 082 ## - NÚMERO DE LA CLASIFICACIÓN DECIMAL DEWEY | |
| Número de edición | 22 |
| Número de clasificación | 347.013 R426i |
| 110 10 - ENTRADA PRINCIPAL--NOMBRE DE ENTIDAD CORPORATIVA | |
| Nombre de entidad corporativa o nombre de jurisdicción como elemento de entrada | República de Venezuela. Corte Suprema de Justicia |
| 9 (RLIN) | 195171 |
| 245 10 - MENCIÓN DE TÍTULO | |
| Título | Corte Suprema de Justicia: |
| Resto del título | informe 1998 / |
| Mención de responsabilidad, etc. | Corte Suprema de Justicia; coordinación general: Juan Francisco Corral ; diseño gráfico: Daniela Ulian ; fotografía : Marinao U. de Aldaca ; pintor de portada: Alirio Roríguez |
| 260 ## - PUBLICACIÓN, DISTRIBUCIÓN, ETC. | |
| Lugar de publicación, distribución, etc. | Caracas: |
| Nombre del editor, distribuidor, etc. | Editorial Arte, |
| Fecha de publicación, distribución, etc. | 1998 |
| 300 ## - DESCRIPCIÓN FÍSICA | |
| Extensión | 219 páginas : |
| Dimensiones | 22 x 414 cm |
| 500 ## - NOTA GENERAL | |
| Nota general | Información de la Corte Suprema de Justicia y sus miembros en la solapa. Foto de portada: detalle vitral "#La justicia", de Alirio Rodríguez |
| 505 ## - NOTA DE CONTENIDO CON FORMATO | |
| Nota de contenido con formato | Nota explicativa |<br/>Actividades institucionales | <br/>Actividades jurisdiccionales |<br/>Actividades administrativas |<br/>Proyecto de modernización |<br/>Anexos |
| 650 #7 - PUNTO DE ACCESO ADICIONAL DE MATERIA--TÉRMINO DE MATERIA | |
| Fuente del encabezamiento o término | lemb |
| Término de materia o nombre geográfico como elemento de entrada | Poder judicial |
| Subdivisión de forma | Iformes |
| Subdivisión geográfica | Venezuela |
| 9 (RLIN) | 195186 |
| 650 #7 - PUNTO DE ACCESO ADICIONAL DE MATERIA--TÉRMINO DE MATERIA | |
| Fuente del encabezamiento o término | lemb |
| Término de materia o nombre geográfico como elemento de entrada | Administración de justicia |
| Subdivisión de forma | Informes |
| Subdivisión geográfica | Venezuela |
| 9 (RLIN) | 195187 |
| 700 ## - PUNTO DE ACCESO ADICIONAL--NOMBRE DE PERSONA | |
| Nombre de persona | Corral , Juan Francisco |
| 9 (RLIN) | 195181 |
| Término indicativo de función/relación | coordinador general |
| 700 ## - PUNTO DE ACCESO ADICIONAL--NOMBRE DE PERSONA | |
| Nombre de persona | Ulian, Daniela |
| 9 (RLIN) | 195182 |
| Término indicativo de función/relación | diseñador gráfico |
| 700 ## - PUNTO DE ACCESO ADICIONAL--NOMBRE DE PERSONA | |
| Nombre de persona | Aldaca, Mariano de |
| 9 (RLIN) | 104981 |
| Término indicativo de función/relación | fotógrafo |
| 700 ## - PUNTO DE ACCESO ADICIONAL--NOMBRE DE PERSONA | |
| Nombre de persona | Roríguez, Alirio |
| 9 (RLIN) | 195183 |
| Término indicativo de función/relación | pintor de portada |
| 942 ## - ELEMENTOS DE PUNTO DE ACCESO ADICIONAL (KOHA) | |
| Fuente del sistema de clasificación o colocación | Sistema de Clasificación Decimal Dewey |
| Tipo de ítem Koha | Libro (general) |
| Estado de retiro | Estado de pérdida | Fuente del sistema de clasificación o colocación | No para préstamo | Código de colección | Localización permanente | Fecha de adquisición | Total de préstamos | Signatura topográfica completa | Código de barras | Fecha visto por última vez | Número de copia | Precio válido a partir de | Tipo de ítem Koha |
|---|---|---|---|---|---|---|---|---|---|---|---|---|---|
| Disponible | Sistema de Clasificación Decimal Dewey | General | Biblioteca Central UNIBE | 08/04/2025 | 347.013 R426i | 250378 | 09/05/2025 | Ej. 1 | 09/05/2025 | Libro (general) |